Statistics for H3H3 Quiz

Click here to take the quiz!

General Stats

  • This quiz has been taken 588 times
  • The average score is 4 of 10

Answer Stats

QuestionAnswer% Correct
What food item were Ethan and Hila once unable to afford while living in Santa Cruz?Red Bell Pepper
61%
Which of the following has NOT appeared on the H3 Podcast?Trevor Noah
60%
In what year did AB first appear on the H3 Podcast?2020
54%
Who was the first guest (first guest podcast posted on youtube, not first guest filmed) of the H3 Podcast?Justin Roiland
45%
What year was Ethan Klein born in?1985
44%
What was the H3H3Productions Youtube channel's first viral video?warm it up exe Thats a 10!
44%
What was Ethan's first song?Midget Matza
36%
Which of the following has been on the H3 Podcast the most times?Jacksfilms
31%
Which of the following is the H3 Podcasts most viewed episode?H3 Podcast #52 - Shane Dawson
26%
Which of these is not a video by Ethan?"It Is Time To STOP Keemstar"
15%

Score Distribution

Percentile by Number Answered

Percent of People with Each Score

Your Score History

You have not taken this quiz